Southville International School and Colleges
Your cart is empty.
  • Cart
  • Lists
    Public lists Eva Luna New books Lux_list list_1
    Your lists Log in to create your own lists
  • Log in to your account
  • Your cookies
  • Search history
Southville International School and Colleges
  • Advanced search
  • Recent comments
  • Most popular
  • Libraries

Log in to your account

Log in with GOOGLE


If you do not have an external account, but do have a local account, you can still log in:

  1. Home
  2. MARC view: Victorian decoupage :
Normal view MARC view ISBD view

Victorian decoupage : (Record no. 9955)

[ view plain ]
MARC details
000 -LEADER
fixed length control field 00704nam a22002417a 4500
003 - CONTROL NUMBER IDENTIFIER
control field OSt
005 - DATE AND TIME OF LATEST TRANSACTION
control field 20140310182147.0
008 - FIXED-LENGTH DATA ELEMENTS--GENERAL INFORMATION
fixed length control field 130830t xxu||||| |||| 00| 0 eng d
020 ## - INTERNATIONAL STANDARD BOOK NUMBER
International Standard Book Number 1854103555
020 ## - INTERNATIONAL STANDARD BOOK NUMBER
International Standard Book Number 9781854103550
050 ## - LIBRARY OF CONGRESS CALL NUMBER
Classification number TT 870
Item number .P565 1998
082 ## - DEWEY DECIMAL CLASSIFICATION NUMBER
Classification number HS 745.54
Item number P54 1997
100 ## - MAIN ENTRY--PERSONAL NAME
Personal name Philo, Maggie
9 (RLIN) 15610
245 ## - TITLE STATEMENT
Title Victorian decoupage :
Remainder of title source book with 10 projects /
Statement of responsibility, etc Maggie Philo ; photography by Debbie Patterson.
260 ## - PUBLICATION, DISTRIBUTION, ETC. (IMPRINT)
Place of publication, distribution, etc London :
Name of publisher, distributor, etc Aurum Press,
Date of publication, distribution, etc 1997.
300 ## - PHYSICAL DESCRIPTION
Other physical details ill. col. ;
Dimensions 24 cm.
650 ## - SUBJECT ADDED ENTRY--TOPICAL TERM
Topical term or geographic name as entry element Decoupage
9 (RLIN) 15611
650 ## - SUBJECT ADDED ENTRY--TOPICAL TERM
Topical term or geographic name as entry element Cut-out craft
9 (RLIN) 15612
650 ## - SUBJECT ADDED ENTRY--TOPICAL TERM
Topical term or geographic name as entry element Prints, Victorian
9 (RLIN) 15613
650 ## - SUBJECT ADDED ENTRY--TOPICAL TERM
Topical term or geographic name as entry element Scrapbooks
9 (RLIN) 15614
942 ## - ADDED ENTRY ELEMENTS (KOHA)
Source of classification or shelving scheme Library of Congress Classification
Holdings
Withdrawn status Lost status Source of classification or shelving scheme Damaged status Home library Current library Shelving location Date acquired Total Checkouts Full call number Barcode Date last seen Price effective from Koha item type
    Library of Congress Classification   Luxembourg Library Luxembourg Library High School Section 08/30/2013   TT 870 .P565 1998 14186 08/30/2013 08/30/2013 Books

Victorian decoupage :

APA

Philo M., . (1997). Victorian decoupage. London: Aurum Press.

Chicago

Philo Maggie, . 1997. Victorian decoupage. London: Aurum Press.

Harvard

Philo M., . (1997). Victorian decoupage. London: Aurum Press.

MLA

Philo Maggie, . Victorian decoupage. London: Aurum Press. 1997.

  • Place hold
  • Print
  • Cite
  • Add to your cart (remove)
  • Save record
    BIBTEX Dublin Core MARCXML MARC (non-Unicode/MARC-8) MARC (Unicode/UTF-8) MARC (Unicode/UTF-8, Standard) MODS (XML) RIS
  • More searches
    Search for this title in:
    Other Libraries (WorldCat) Other Databases (Google Scholar) Online Stores (Bookfinder.com) Open Library (openlibrary.org)

Exporting to Dublin Core...

SOUTHVILLE LIBRARY

Southville International School and Colleges Library

1281 Tropical Ave. Cor. Luxembourg St., BF Homes International, Las Pinas City

Tel. No. 8256374 / 252358 Loc. 117/146

Powered by Koha